000 00883nam a2200265 i 4500
001 000016509
003 DO-SdBNP
005 20240715140508.0
007 ta
008 100305s2001 dr 000 0 spa d
020 _a999342403X
040 _aDO-SdBNP
_bspa
_cBNPHU
_erda
082 4 _bE24d
_222
245 0 0 _aAnuario pedagógico 4 :
_beducación dominicana. Propuestas desde la sociedad civil /
_cedición al cuidado, Raymundo González.
264 _aSanto Domingo :
_bCentro Cultural Poveda,
_c2001.
300 _a210 páginas ;
_c26 cm.
336 _2rdacontent
_atexto
_btxt
337 _2rdamedia
_asin mediación
_bnc
338 _2rdacarrier
_avolumen
_bn
500 _aIncluye referencias bibliográficas y notas al pie de las páginas
590 _aInventariado, 2023/BT
700 _aGonzález, Raymundo
_eedición
_96373
910 _aBtavárez
942 _2ddc
_cLBS1
999 _c16043
_d16043